Länder, die einen Buchstaben enthalten - II+ - Statistiken

Allgemein
  • Dieses Quiz wurde 745 mal gespielt
  • Das Durchschnittsergebnis liegt bei 25 aus 36
Antwortstatistiken
Hinweis Land % Korrekt
2 x I Indonesien
91%
4 x I Vereinigtes Königreich
89%
2 x I Indien
85%
2 x I Italien
84%
4 x I Vereinigte Arabische Emirate
84%
2 x I Vereinigte Staaten
84%
2 x I Argentinien
83%
2 x I Brasilien
82%
3 x I Kirgisistan
80%
3 x I Föderierte Staaten von Mikronesien
77%
4 x I Dominikanische Republik
75%
2 x I Fidschi
72%
2 x I Haiti
72%
3 x I Philippinen
72%
2 x I Liechtenstein
71%
2 x I Bolivien
69%
3 x I Kiribati
69%
2 x I Nigeria
69%
2 x I Demokratische Republik Kongo
68%
2 x I Saudi-Arabien
68%
2 x I St. Kitts und Nevis
68%
3 x I Zentralafrikanische Republik
68%
3 x I St. Vincent und die Grenadinen
67%
2 x I Dominica
66%
2 x I Trinidad und Tobago
65%
2 x I Bosnien und Herzegowina
63%
2 x I Guinea-Bissau
62%
2 x I Tadschikistan
62%
2 x I Dschibuti
61%
2 x I Äquatorial-Guinea
59%
2 x I Namibia
59%
2 x I Äthiopien
56%
2 x I Mauritius
56%
2 x I Liberia
53%
2 x I Eswatini
52%
2 x I São Tomé und Príncipe
39%
Keine übereinstimmenden Quizze gefunden
Verteilung der Resultate
Anzahl Personen mit jedem Resultat
Perzentil nach korrekt beantworteten Fragen
Ihre Resultats-Entwicklung
Sie haben dieses Quiz noch nicht gespielt